01270naa a22003257a 4500001001000000003000900010005001700019007000300036008003400039040005400073041000900127072002500136090001800161100001800179100001800197245006700215246006100282246004000343500010000383773009900483650000900582650001200591650002100603650002400624490008600648942001500734909004000749999001900789952013600808BR8600869BR-BrBNA20250721154500.0ta250630b bl.|||m| |||| 00| 0 por d aBR-BrBNAbporcBiblioteca Nacional de Agricultura a(Pt) aF30; F03b0336b3575 aF30 BR86008691 aKiihl, R.A.S.1 aAlmeida, L.A.1 aSelecao de genotipos de alta qualidade fisiologica de sementes1 a[Selection of high physiological quality seed genotypes]1 a[Soybean research findings 1984/85] aResultados de pesquisa de soja 1984/85 Londrina, PR (Brasil): 1985. p. 274-280 (BR8600869-AMS) 0 tResultados de pesquisa de soja 1984/85wF30 BR8600869gLondrina, PR (Brasil), 1985. p. 274-280 aSOJA aSEMENTE aSELECAO GENOTIPA aANALISE QUALITATIVA aDocumentos - Centro Nacional de Pesquisa de Soja (Brazil)vno. 15xISSN 0101-5494 cAMS2AGRIS a202506bLúciac55dLúcia Elande c335084d335084 002AGRIS40708AGROBASEa41918b41918l0o0336 BR9602654r2025-06-30t01yAMS10d2025-06-30ePortaria Interministerial nº 164/94